| Tag |
First Indicator |
Second Indicator |
Subfields |
| LEADER |
00000cam a2200000Ia 4500 |
| 001 |
in00002781912 |
| 005 |
20150922113422.0 |
| 008 |
120809s2012 txu t s000 0 eng d |
| 035 |
|
|
|a (OCoLC)ocn805573061
|
| 035 |
|
|
|a (OCoLC)805573061
|
| 040 |
|
|
|a IKM
|c IKM
|d OHDOT
|d TXA
|d UtOrBLW
|
| 043 |
|
|
|a n-us-tx
|
| 049 |
|
|
|a TXAM
|
| 086 |
|
|
|a Z TA505.7 M713 NO.10-55-48
|2 txdocs
|
| 090 |
|
|
|a HE4487.T4
|b C44 2012
|
| 100 |
1 |
|
|a Cherrington, Linda Kay.
|
| 245 |
1 |
0 |
|a Transit management certificate program /
|c by Linda Cherrington, Matt Sandidge, and Ken Joh.
|
| 264 |
|
1 |
|a College Station, Tex. :
|b University Transportation Center for Mobility, Texas Transportation Institute, Texas A&M University System,
|c [2012]
|
| 300 |
|
|
|a 43 pages ;
|c 28 cm.
|
| 336 |
|
|
|a text
|b txt
|2 rdacontent
|
| 337 |
|
|
|a unmediated
|b n
|2 rdamedia
|
| 338 |
|
|
|a volume
|b nc
|2 rdacarrier
|
| 490 |
1 |
|
|a UTCM final report ;
|v project #10-55-48
|
| 513 |
|
|
|a Final report;
|b Jan. 1, 2010-May 31, 2012.
|
| 500 |
|
|
|a "July 2012."
|
| 536 |
|
|
|a Supported by a grant from the U.S. Dept. of Transportation, University Transportation Centers Program
|c DTRT06-G-0044
|f UTCM 10-55-48
|
| 530 |
|
|
|a Also available online.
|
| 650 |
|
0 |
|a Local transit
|z Texas
|x Personnel management.
|
| 700 |
1 |
|
|a Sandidge, Matt.
|
| 700 |
1 |
|
|a Joh, Ken.
|
| 710 |
2 |
|
|a Texas Transportation Institute.
|b University Transportation Center for Mobility.
|
| 710 |
2 |
|
|a University Transportation Centers Program (U.S.)
|
| 710 |
1 |
|
|a United States.
|b Department of Transportation.
|
| 830 |
|
0 |
|a University Transportation Center for Mobility series (Tex.) ;
|v no. 10-55-48.
|
| 856 |
4 |
1 |
|u http://utcm.tamu.edu/publications/final_reports/Cherrington_10-55-48.pdf
|t 0
|
| 948 |
|
|
|a cataloged
|b h
|c 2012/8/27
|d c
|e ceaton
|f 11:34:05 am
|
| 994 |
|
|
|a C0
|b TXA
|
| 999 |
|
|
|a MARS
|
| 999 |
f |
f |
|s 77e9d075-f173-3a35-acc4-4171b5fdcc3d
|i faacdc49-2e0c-35bf-9a14-90fffef39d92
|t 0
|
| 952 |
f |
f |
|p noncirc
|a Texas A&M University
|b College Station
|c Cushing Memorial Library & Archives
|s cush tpub
|d Cushing: Texas A&M Publications (Remote Storage: 2-3 day retrieval)
|t 0
|e HE4487.T4 C44 2012
|h Library of Congress classification
|i unmediated -- volume
|
| 998 |
f |
f |
|a HE4487.T4 C44 2012
|t 0
|l Cushing: Texas A&M Publications (Remote Storage: 2-3 day retrieval)
|